| 000 | 00512cam a2200157 a 4500 | ||
|---|---|---|---|
| 020 | _a9782853190893 | ||
| 020 | _a 2853190897 | ||
| 040 | _cDLC | ||
| 082 | 0 | 0 | _aMUL BON 1981 C285 Or. |
| 100 | 1 | _aBono, Mary, | |
| 245 | 1 | 0 | _a Multiplication des semences vivrieres tropicales |
| 300 |
_a1 volume (unpaged) : _bcolor illustrations ; _c27 cm |
||
| 520 | _aRhyming text and illustrations present various reactions to encounters with such bugs as an ant, beetle, and ladybug. | ||
| 650 | 0 | _aInsects | |
| 942 | _cAEDBB | ||
| 999 |
_c22441 _d22441 |
||